Library Banner

Health psychology (Record no. 55502)

MARC details
000 -LEADER
fixed length control field 00500nam a2200193Ia 4500
001 - CONTROL NUMBER
control field 58236
008 - FIXED-LENGTH DATA ELEMENTS--GENERAL INFORMATION
fixed length control field 140507s9999 xx 000 0 und d
020 ## - INTERNATIONAL STANDARD BOOK NUMBER
International Standard Book Number 9788131716526
040 ## - CATALOGING SOURCE
Transcribing agency PK-LaUMT
082 ## - DEWEY DECIMAL CLASSIFICATION NUMBER
Classification number 616.0019
Item number DIM-H
100 ## - MAIN ENTRY--PERSONAL NAME
Personal name DiMatteo, M. Robin
245 ## - TITLE STATEMENT
Title Health psychology
Statement of responsibility, etc DiMatteo, M. Robin<>Martin, Leslie R.
260 ## - PUBLICATION, DISTRIBUTION, ETC. (IMPRINT)
Place of publication, distribution, etc New Delhi,India:
Name of publisher, distributor, etc Pearson,
Date of publication, distribution, etc 2008
300 ## - PHYSICAL DESCRIPTION
Extent 594 p.
546 ## - LANGUAGE NOTE
Language note EN
650 ## - SUBJECT ADDED ENTRY--TOPICAL TERM
Topical term or geographic name as entry element Stress psychology
700 ## - ADDED ENTRY--PERSONAL NAME
Personal name Martin, Leslie R.
942 ## - ADDED ENTRY ELEMENTS (KOHA)
Koha item type Books
Holdings
Withdrawn status Lost status Damaged status Not for loan Home library Current library Date acquired Total Checkouts Full call number Barcode Date last seen Date checked out Price effective from Koha item type
        UMT Main Campus UMT Main Campus 2014-05-07 2 616.0019 DIM-H 78140 2019-01-12 2019-01-12 2014-05-08 Books